banner koha

Ocorrencia de uma anormalidade, de possivel causa virotica ou semelhante a virus, provocando o enfesamento do maracujazeiro (Registro n. 321950)

MARC details
000 -LÍDER
campo de controle de tamanho fixo 01142naa a22003137a 4500
001 - NÚMERO DE CONTROLE
campo de controle BR9205302
003 - IDENTIFICADOR DO NÚMERO DE CONTROLE
campo de controle BR-BrBNA
005 - DATA E HORÁRIO DA ÚLTIMA TRANSAÇÃO
campo de controle 20240918180750.0
007 - CAMPO FIXO DE DESCRIÇÃO FÍSICA--INFORMAÇÃO GERAL
campo de controle de tamanho fixo ta
008 - CAMPO DE DADOS FIXOS--INFORMAÇÃO GERAL
campo de controle de tamanho fixo 230509b bl.||||| |||| 00| 0 por d
040 ## - FONTE DA CATALOGAÇÃO
Instituição da catalogação original BR-BrBNA
Idioma da catalogação por
Instituição que transcreveu o registro Biblioteca Nacional de Agricultura
041 ## - CÓDIGO DE IDIOMA
Código do idioma do texto/trilha sonora ou título diferente (Pt)
072 ## - CÓDIGO DE CATEGORIA DE ASSUNTO
Código de Categoria de Assunto H20
Código do objeto 1123
-- 4150
-- G514
090 ## - NÚMERO DE CHAMADA LOCAL
Número de chamada H20 BR9205302
100 1# - ENTRADA PRINCIPAL--NOME PESSOAL
Nome pessoal Batista, F.A.S.
100 1# - ENTRADA PRINCIPAL--NOME PESSOAL
Nome pessoal Gomes, R.C.
100 1# - ENTRADA PRINCIPAL--NOME PESSOAL
Nome pessoal Ramos, V.F.
111 1# - ENTRADA PRINCIPAL--NOME DO EVENTO
Nome do evento ou lugar 6. Congresso Brasileiro de Fruticultura
Local do evento Recife, PE (Brazil)
Data do evento ou assinatura do tratado 25-31 Jan 1981
245 1# - TÍTULO
Título Ocorrencia de uma anormalidade, de possivel causa virotica ou semelhante a virus, provocando o enfesamento do maracujazeiro
260 3# - PUBLICAÇÃO, DISTRIBUIÇÃO, ETC.
Local de publicação, distribuição, etc. Recife, PE (Brasil):
Data da publicação, distribuição, etc. 1981.
500 ## - NOTA GERAL
Nota geral Anais do 6. Congresso Brasileiro de Fruticultura, v. 4<br/>Recife, PE (Brasil): 1981. p. 1408-1413<br/>(BR9205302-AM)H20<br/>
650 ## - ASSUNTO--TERMO TÓPICO
Cabeçalho tópico ou nome geográfico MARACUJA
650 ## - ASSUNTO--TERMO TÓPICO
Cabeçalho tópico ou nome geográfico ENFEZAMENTO
650 ## - ASSUNTO--TERMO TÓPICO
Cabeçalho tópico ou nome geográfico VIRUS
650 ## - ASSUNTO--TERMO TÓPICO
Cabeçalho tópico ou nome geográfico SERGIPE
773 0# - ENTRADA ANALÍTICA
Título Anais do 6. Congresso Brasileiro de Fruticultura, v. 4
Número de controle do registro H20 BR9205302
Partes relacionadas Recife, PE (Brasil), 1981. p. 1408-1413
909 ## -
-- 202404
-- Lucia
-- 55
-- Lucia Elande
942 ## - ELEMENTOS DE ENTRADA ADICIONADOS (KOHA)
Tipo de material Koha Capítulo-Livro
Fonte da classificação ou esquema de arquivamento na estante Classificação AGRIS
Exemplares
Situação do descarte Fonte da classificação ou esquema de arquivamento na estante Situação física Não pode ser emprestado Coleção Biblioteca de origem Biblioteca atual Localização na estante Total de empréstimos Número de telefone completo Data de último acesso Número do exemplar Tipo de material Koha Situação das perdas Data de aquisição Fonte de aquisição
  Classificação AGRIS       Biblioteca Nacional de Agricultura - Binagri Biblioteca Nacional de Agricultura - Binagri Agrobase - Acervo Geral   5213 BR2010002433 20/05/2024 01 Capítulo-Livro   2024-04-11 Portaria Interministerial nº 164/94

BINAGRI

Telefone: (61)3218-2567/2388/3357/2097 - binagri@agro.gov.br

Ministério da Agricultura e Pecuária , Esplanada dos Ministérios, Bloco D, Anexo B, Brasília/DF, CEP: 70.043-900